| 000 -CABECERA |
| Longitud fija campo de control |
00677nam a22002057a 4500 |
| 003 - IDENTIFICADOR DEL NÚMERO DE CONTROL |
| Identificador del número de control |
OSt |
| 005 - FECHA Y HORA DE LA ÚLTIMA TRANSACCIÓN |
| Fecha y hora de la última transacción |
20151202103537.0 |
| 008 - CÓDIGOS DE INFORMACIÓN DE LONGITUD FIJA |
| Códigos de información de longitud fija |
131015e20132013xxu||||| |||| 00| 0 eng d |
| 020 ## - NÚMERO INTERNACIONAL NORMALIZADO PARA LIBROS |
| Número Internacional Normalizado para Libros (ISBN) |
9788494145612 |
| 024 ## - OTROS IDENTIFICADORES NORMALIZADOS |
| Fuente del número o código |
DL |
| Número normalizado o código |
B-17043-2013 |
| 040 ## - FUENTE DE LA CATALOGACIÓN |
| Lengua de catalogación |
cat |
| Centro transcriptor |
CDMR |
| 100 ## - PUNTO DE ACCESO PRINCIPAL-NOMBRE DE PERSONA |
| 9 (RLIN) |
860 |
| Nombre de persona |
Gallego Ayala, Juana |
| 245 10 - MENCIÓN DE TÍTULO |
| Título |
De reinas a ciudadanas |
| Resto del título |
: medios de comunicación, ¿motor o rémora para la igualdad? |
| Mención de responsabilidad, etc. |
Juana Gallego Ayala |
| 260 ## - PUBLICACIÓN, DISTRIBUCIÓN, ETC. (PIE DE IMPRENTA) |
| Lugar de publicación, distribución, etc. |
[Barcelona] |
| Fecha de publicación, distribución, etc. |
2013 |
| Nombre del editor, distribuidor, etc. |
Aresta |
| 300 ## - DESCRIPCIÓN FÍSICA |
| Extensión |
309 p. |
| 490 ## - MENCIÓN DE SERIE |
| Mención de serie |
Aresta Mujeres |
| Designación de volumen o secuencia |
4 |
| 650 04 - PUNTO DE ACCESO ADICIONAL DE MATERIA - TÉRMINO DE MATERIA |
| 9 (RLIN) |
3818 |
| Término de materia o nombre geográfico como elemento inicial |
Mitjans de comunicació de massa i dones |
| 650 04 - PUNTO DE ACCESO ADICIONAL DE MATERIA - TÉRMINO DE MATERIA |
| 9 (RLIN) |
4436 |
| Término de materia o nombre geográfico como elemento inicial |
Paper segons el sexe en els mitjans de comunicació de massa |
| 942 ## - ENTRADA DE ELEMENTOS AGREGADOS (KOHA) |
| Fuente de clasificaión o esquema |
|
| Koha [por defecto] tipo de item |
Monografies |